Understanding philosophy (Record no. 31441)
[ view plain ]
| 000 -LEADER | |
|---|---|
| fixed length control field | 00481nam a2200205Ia 4500 |
| 003 - CONTROL NUMBER IDENTIFIER | |
| control field | 0100 |
| 008 - FIXED-LENGTH DATA ELEMENTS--GENERAL INFORMATION | |
| fixed length control field | 130303s9999 xx 000 0 und d |
| 040 ## - CATALOGING SOURCE | |
| Transcribing agency | ARRUPELIB |
| 050 ## - LIBRARY OF CONGRESS CALL NUMBER | |
| Classification number | B72.F36 1973 |
| 300 ## - PHYSICAL DESCRIPTION | |
| Other physical details | 16cm |
| 100 ## - MAIN ENTRY--PERSONAL NAME | |
| Personal name | Feibleman, James K |
| 245 ## - TITLE STATEMENT | |
| Title | Understanding philosophy |
| 245 ## - TITLE STATEMENT | |
| Remainder of title | a popular history of ideas |
| 260 ## - PUBLICATION, DISTRIBUTION, ETC. (IMPRINT) | |
| Place of publication, distribution, etc | New York |
| 260 ## - PUBLICATION, DISTRIBUTION, ETC. (IMPRINT) | |
| Name of publisher, distributor, etc | Dell Publishing Company Inc |
| 260 ## - PUBLICATION, DISTRIBUTION, ETC. (IMPRINT) | |
| -- | 1973 |
| 300 ## - PHYSICAL DESCRIPTION | |
| Extent | 238p. |
| 650 ## - SUBJECT ADDED ENTRY--TOPICAL TERM | |
| Topical term or geographic name as entry element | PHILOSOPHY |
| 942 00 - ADDED ENTRY ELEMENTS (KOHA) | |
| Koha issues (borrowed), all copies | 13 |
| Withdrawn status | Lost status | Source of classification or shelving scheme | Damaged status | Not for loan | Collection code | Home library | Current library | Shelving location | Date acquired | Total Checkouts | Full call number | Barcode | Checked out | Date last seen | Date checked out | Copy number | Price effective from | Koha item type |
|---|---|---|---|---|---|---|---|---|---|---|---|---|---|---|---|---|---|---|
| Library of Congress Classification | Main Collection | ARRUPE LIBRARY | ARRUPE LIBRARY | 04/03/2013 | 2 | B72.F36 1973 | 46003095447 | 23/04/2014 | 09/04/2014 | 09/04/2014 | 1 | 04/03/2013 | Monograph ( Printed materials) | |||||
| Library of Congress Classification | Main Collection | ARRUPE LIBRARY | ARRUPE LIBRARY | 04/03/2013 | 11 | B72.F36 1973 | 46003008834 | 11/11/2014 | 28/10/2014 | 2 | 04/03/2013 | Monograph ( Printed materials) | ||||||
| Library of Congress Classification | Main Collection | ARRUPE LIBRARY | ARRUPE LIBRARY | 04/03/2013 | 3 | B72.F36 1973 | 46003068041 | 24/09/2015 | 23/09/2015 | 3 | 04/03/2013 | Monograph ( Printed materials) |